Loading...
Literature - World Literature | 3 | 2 | 1 | 0 | 60 | 28 | 63.80 | 4 | 5 |
Science - Chemistry | 2 | 2 | 1 | 1 | 45 | 27 | 80.50 | 1 | 4 |
Philosophy | 2 | 1 | 0 | 0 | 40 | 31 | 67.00 | 3 | 3 |
Science - Biology | 0 | 4 | 1 | 0 | 35 | 62 | 82.50 | 2 | 4 |
Science - Physics | 0 | 4 | 2 | 1 | 30 | 88 | 120.50 | 1 | 4 |
Visual Arts | 2 | 0 | 1 | 0 | 25 | 49 | 70.00 | 2 | 2 |
History - American History | 0 | 2 | 0 | 0 | 20 | 90 | 96.50 | 1 | 2 |
Social Science | 0 | 3 | 2 | 0 | 20 | 82 | 90.67 | 2 | 3 |
History - European History | 0 | 2 | 0 | 1 | 20 | 61 | 95.00 | 1 | 2 |
Literature - British Literature | 0 | 2 | 1 | 0 | 15 | 80 | 87.50 | 1 | 2 |
Literature - American Literature | 0 | 2 | 1 | 0 | 15 | 68 | 73.00 | 1 | 2 |
Auditory Arts | 0 | 2 | 1 | 2 | 15 | 131 | 142.00 | 2 | 2 |
History - Other History | 0 | 1 | 0 | 1 | 10 | 137 | 137.00 | 0 | 1 |
Current Events | 0 | 1 | 0 | 1 | 10 | 143 | 143.00 | 0 | 1 |
Beliefs | 0 | 1 | 0 | 0 | 10 | 92 | 92.00 | 1 | 1 |
Literature - European Literature | 1 | 0 | 1 | 0 | 10 | 78 | 78.00 | 1 | 1 |
Science - Other Science | 0 | 0 | 1 | 0 | -5 | 0.00 | 0 | 0 | |
History - World History | 0 | 0 | 1 | 0 | -5 | 0.00 | 0 | 0 | |
Fine Arts - Other Arts | 0 | 0 | 1 | 0 | -5 | 0.00 | 0 | 0 |